01316nam a2200193Ia 4500008004100000020001500041050002000056100004300076245006000119260004900179300001900228336001000247337001400257338001200271504004100283505073400324650002501058650003901083120625s2005 mx 000 0 spa d a9702408350 4aLB2365.L4 bO73 aOseguera de Chávez, Eva Lydiaeautor10aTaller de lectura y redaccion 1 c/ Eva Lydia Oseguera.3 aMéxicob : Grupo Patria Culturalc , 2005. a287 páginas. aTexto aSin medio aVolumen aIncluye bibliografía (pp. 285-287)1 aUnidad 1: Comunicación: comprensión y producción de textos diversos En contacto con tus conocimientos Comunicación, lectura y escritura Tema y propiedades de prototipos textuales Instrumentos de investigación documental Léxico y semántica Lectura en voz alta y comprensión auditiva Evaluación sumativa Ampliando el conocimiento Unidad 2: Textos personales En contacto con tus conocimientos Situación comunicativa Características estructurales y léxico Tipos de textos personales Evaluación sumativa Ampliando el conocimiento Unidad 3: Textos expositivos En contacto con tus conocimientos Situación comunicativa Estructuras Tipos de textos expositivos Evaluación sumativa Ampliando el conocimiento14aLECTURA (ELEMENTAL) 24aREDACCIÓNxESTUDIO Y ENSEÑANZA